Thinking, fast and slow
Na minha lista:
| Autor principal: | |
|---|---|
| Formato: | Livro |
| Idioma: | inglês |
| Publicado em: |
London
Penguin/Random House
2012
|
| Assuntos: | |
| Tags: |
Sem tags, seja o primeiro a adicionar uma tag!
|
MARC
| LEADER | 00000nam a2200000 4500 | ||
|---|---|---|---|
| 001 | 0215195 | ||
| 005 | 20240312120045.4 | ||
| 020 | |a 978-0-141-03357-0 | ||
| 041 | 0 | |a eng | |
| 044 | |a GB | ||
| 245 | 1 | 0 | |a Thinking, fast and slow |c Daniel Kahneman |
| 264 | 1 | |a London |b Penguin/Random House |c 2012 | |
| 300 | |a 499 s. | ||
| 610 | 2 | 0 | |a spoločnosť |
| 610 | 2 | 0 | |a správanie |
| 610 | 2 | 0 | |a psychológia |
| 610 | 2 | 0 | |a rozhodovanie |
| 610 | 2 | 0 | |a riziko |
| 610 | 2 | 0 | |a predvídanie |
| 610 | 2 | 0 | |a racionalita |
| 610 | 2 | 0 | |a myslenie ekonomické |
| 100 | 1 | |a Kahneman, Daniel | |